00290nam a2200133Ia 4500003000900000008004100009040001300050040001300063041000800076100002000084245003800104300000800142490000600150IT-RoPAU120407s9999 xx 000 0 und d aIT-RoPAU cIT-RoPAU aita aFranz Weyergans aMatrimonio, famiglia, Vaticano II c cm v1